Reykjavík - Dymová zátoka

História osídľovania Islandu. Historické informácie a zaujímavosti o hlavnom meste Islandu Reykjavíku. Kultúra islanďanov.

Saved in:
Bibliographic Details
Main Author: Kohan, Ľuboslav
Format: Book Chapter
Language:Slovak
Subjects:
Tags: Add Tag
No Tags, Be the first to tag this record!

MARC

LEADER 00000naa a2200000 4500
001 r038883
005 20230810105622.1
041 0 |a slo 
044 |a SK 
245 1 0 |a Reykjavík - Dymová zátoka  |c Ľuboslav Kohan 
520 |a História osídľovania Islandu. Historické informácie a zaujímavosti o hlavnom meste Islandu Reykjavíku. Kultúra islanďanov. 
610 2 0 |a Island 
610 2 0 |a mestá 
610 2 0 |a osídľovanie 
610 2 0 |a história 
610 2 0 |a kultúra 
610 2 0 |a etnografia 
100 1 |a Kohan, Ľuboslav